Pokémon - Les attaques de Chapotus - Statistiques

Statistiques générales
  • Ce quiz a été pris 14 fois
  • Le résultat moyen est 8 sur 12
Statistiques - réponses
Niveaux Types Noms des attaques % Correct
Niveau 30 Fée Éclat Magique
100%
Départ Eau Fontaine de Vie
100%
Niveau 44 Psy Psyko
100%
Niveau 20 Psy Rafale Psy
100%
Départ Fée Voix Enjôleuse
100%
Départ Psy Choc Mental
86%
Niveau 15 Plante Aromathérapie
57%
Niveau 37 Psy Plénitude
57%
Niveau 25 Psy Vibra Soin
43%
Départ Évolution Ténèbres Centrifugifle
29%
Niveau 51 Psy Vœu Soin
29%
Départ Normal Camaraderie
0%
Aucun quiz correspondant
Distribution des résultats
% des personnes avec chaque résultat
Percentile par nombre de réponses
Votre historique - résultats
Vous n’avez pas pris ce quiz